| 000 | 00478nam a22001697a 4500 | ||
|---|---|---|---|
| 999 |
_c159931 _d159931 |
||
| 005 | 20190110142530.0 | ||
| 010 | _aB-217449 | ||
| 020 |
_a8123013086 _c250.00 |
||
| 035 | _aB-217449 | ||
| 037 | _bPublication Division | ||
| 082 | _a582.130 | ||
| 100 | _aPandey, D.S. | ||
| 245 |
_aCommon Flowers of India / _cD.S. Pandey {and} N.P. Singh |
||
| 260 |
_aNew Delhi _bPublication Division _c2005 |
||
| 300 |
_a90p. _c23cm(hbk) |
||
| 942 |
_2ddc _cCH _h582.130 _mDAN |
||